含有地名常用字的县级行政区名称矩阵 - Statistics

General Stats
  • This quiz has been taken 118 times
  • The average score is 233 of 766
Answer Stats
所在省份 含有的字 数量 示例 县级行政区 % Correct
10 平城
98%
9 增城
98%
4
98%
2 石景山
97%
西 4 西
96%
2 东城
93%
5 安宁
93%
1 石景山
92%
3 南岳
92%
1 东城
90%
西 1 西城
89%
2
89%
3
89%
4 邳州
88%
2 昌平
87%
1 大兴
86%
1 大兴
86%
1 昌平
86%
1 丰台
86%
1 丰台
86%
8 新密
86%
1 通州
84%
2 辽阳
83%
1 朝阳
82%
1 海淀
82%
1 密云
82%
4 河东
82%
2 临猗
82%
2 朝阳
82%
2
82%
5 和平
76%
6 海门
76%
7 金平
76%
1 和平
74%
1 和平
74%
2 和平
74%
1 和平
74%
2 河北
73%
11 长安
73%
2 河东
72%
2 滨海
72%
7 东营
72%
2 南开
71%
西 2 河西
71%
2 宝山
71%
1 宁河
70%
1
69%
5 锡山
69%
1 蓟州
68%
1 武清
67%
1 武清
67%
12 碾子山
67%
8 海曙
67%
8 依安
66%
1 金山
66%
7 江宁
66%
6 滨江
66%
3 长宁
66%
8 北戴河
64%
1 长宁
64%
1 长宁
64%
4 商河
64%
1 长宁
64%
18 历城
63%
7 南山
63%
9 平山
62%
3 宁海
62%
10 晋安
62%
13 荥阳
62%
1 浦东
61%
4 如东
61%
7 济阳
61%
9 南沙
61%
5 萧山
59%
3 临安
59%
11 崂山
59%
6 新城
59%
7 晋州
58%
9 中山
58%
6 南昌
58%
17 锦江
58%
3 新城
57%
8 克东
57%
3 西湖
57%
4 长安
57%
11 藁城
56%
4 富阳
56%
7 南昌
56%
19 和林格尔
54%
5 海城
54%
4 长海
54%
1 静安
54%
4 江宁
54%
5 临安
54%
9 青山
54%
5 江北
54%
3 大名
53%
5 青山
53%
3 新城
53%
2 雨花台
53%
12 蜀山
53%
6 青山湖
53%
8 城中
53%
2 宁安
52%
1 松江
52%
2 海安
52%
2 江北
52%
5 东湖
52%
7 鲁山
52%
14 管城
52%
7 江岸
52%
3 清河
51%
5 南岗
51%
3 临平
51%
2 金东
51%
3 仓山
51%
3 邵武
51%
6 韶山
51%
2 琼山
51%
3 长安
51%
3 海港
50%
7 阳曲
50%
5 溧阳
50%
5 龙岗
50%
8 平城
49%
8 沈河
49%
西 1 西湖
49%
西 1 西湖
49%
10 浏阳
49%
3 江北
49%
6 路南
48%
4 龙湾
48%
4 新安
48%
7 汉阳
48%
3 文昌
48%
4 南岸
48%
7 大安
48%
1 新城
48%
4 城东
48%
4 平山
47%
1 长安
47%
4 金州
47%
3 苍南
47%
5 新华
46%
4 滨湖
46%
3 南安
46%
4 共青城
46%
8 平阴
46%
6 汝州
46%
6 潮阳
46%
3 武安
44%
4 山阴
44%
2 龙城
44%
6 农安
44%
5 上城
44%
2 鄞州
44%
5 台江
44%
4 永泰
44%
3 昌江
44%
5 胶州
44%
5 兴宁
44%
3 新都
44%
7 头屯河
44%
5 高阳
43%
3 清原
43%
3 宜兴
43%
3 白云
43%
7 江南
43%
8 千阳
43%
5 二道江
42%
3 兴安
42%
3 溧水
42%
2 吴兴
42%
4 天山
42%
3 海勃湾
41%
4 大东
41%
4 铁东
41%
5 平潭
41%
10 安义
41%
8 平江
41%
5 海珠
41%
2 吴川
41%
6 江南
41%
1 昌江
41%
6 西山
41%
2 城中
41%
西 4 桥西
40%
4 云州
40%
3 云冈
40%
4 清水河
40%
2 玄武
40%
3 云龙
40%
2 乐清
40%
4 新丰
40%
2 万州
40%
3 合川
40%
7 北川
40%
5 达坂城
40%
2 相城
39%
3 新吴
39%
2 吴中
39%
2 永嘉
39%
1 长兴
39%
2 长丰
39%
5 临淄
39%
5 雷州
39%
3 岐山
39%
8 和静
39%
4 复兴
38%
3 临漳
38%
西 5 铁西
38%
4 巢湖
38%
2 长清
38%
2 武昌
38%
1 城中
38%
1 陵水
38%
1 陵水
38%
5 简阳
38%
8 碧江
38%
西 2 铁西
37%
4 龙潭
37%
3 龙江
37%
4 松北
37%
2 金坛
37%
2 建德
37%
3 东湖
37%
6 信丰
37%
2 武昌
37%
5 宁乡
37%
9 武江
37%
8 马山
37%
4 隆安
37%
3 璧山
37%
1 丰都
37%
1 丰都
37%
3 新都
37%
4 隆昌
37%
3 安宁
37%
2 河南
37%
1 石河子
37%
3 路北
36%
2 盐都
36%
1 天台
36%
2 瑞金
36%
3 宝安
36%
2 清水
36%
1 清水
36%
9 乌尔禾
36%
6 和林格尔
34%
1 新昌
34%
2 新昌
34%
2 慈溪
34%
5 庐阳
34%
1 德城
34%
2 海城
34%
1 定安
34%
2 东方
34%
2 海棠
34%
7 船山
34%
5 中江
34%
8 江川
34%
5 东川
34%
1 城关
34%
2 城关
34%
1 河南
34%
2 永宁
34%
4 抚宁
33%
2 青龙
33%
2 永济
33%
1 大丰
33%
2 广陵
33%
3 肥东
33%
2 海沧
33%
1 林州
33%
4 武冈
33%
7 茶陵
33%
4 大邑
33%
6 金牛
33%
3 辽中
32%
1 临江
32%
1 灌南
32%
2 缙云
32%
2 龙文
32%
3 长乐
32%
2 武宁
32%
3 市南
32%
8 襄城
32%
4 安乡
32%
5 衡东
32%
2 云阳
32%
1 渝中
32%
2 东川
32%
7 晋宁
32%
3 红河
32%
5 盘龙
32%
4 新市
32%
2 桥东
31%
3 丰南
31%
3 昌乐
31%
7 横州
31%
1 南沙
31%
1 琼中
31%
4 龙泉驿
31%
4 水城
31%
2 古城
31%
4 罗平
31%
1 城东
31%
2 永年
30%
3 宁武
30%
3 晋源
30%
1 海南
30%
2 和林格尔
30%
2 昌邑
30%
3 大同
30%
7 虎林
30%
西 2 肥西
30%
4 濉溪
30%
7 城厢
30%
5 芦溪
30%
2 德安
30%
3 都昌
30%
1 海阳
30%
西 5 西工
30%
西 4 东西湖
30%
1 长沙
30%
3 始兴
30%
4 新丰
30%
1 台山
30%
6 平乐
30%
3 兴平
30%
1 城北
30%
2 徐水
29%
3 东河
29%
1 大安
29%
1 新北
29%
4 明溪
29%
1 龙南
29%
1 长清
29%
3 西陵
29%
4 永定
29%
4 惠东
29%
3 兴宁
29%
1 万宁
29%
2 大渡口
29%
3 武侯
29%
5 观山湖
29%
西 5 西山
29%
1 平安
29%
1 平安
29%
西 1 城西
29%
1 武川
28%
1 武川
28%
1 金州
28%
2 长海
28%
1 清江浦
28%
3 闽清
28%
3 兰陵
28%
2 雨湖
28%
4 翁源
28%
3 顺德
28%
1 云阳
28%
3 云岩
28%
3 武山
28%
3 大东
27%
3 龙沙
27%
2 包河
27%
1 台江
27%
4 新建
27%
3 桓台
27%
3 南乐
27%
6 龙亭
27%
2 北塔
27%
3 东兴
27%
1 崖州
27%
1 龙华
27%
1 台江
27%
4 金川
27%
3 永登
27%
1 永宁
27%
2 涞源
26%
1 大宁
26%
1 龙山
26%
8 通河
26%
1 云龙
26%
1 武义
26%
1 金东
26%
1 东山
26%
2 泗水
26%
2 市中
26%
5 镇平
26%
5 远安
26%
3 襄州
26%
3 东西湖
26%
3 东西湖
26%
5 望城
26%
1 龙山
26%
3 石峰
26%
3 广宁
26%
2 清城
26%
西 1 西沙
26%
1 临高
26%
1 城口
26%
1 永川
26%
1 涪陵
26%
2 马尔康
26%
5 秦州
26%
2 武山
26%
2 和顺
24%
1 长子
24%
3 沈北
24%
2 丰满
24%
2 长白
24%
2 阿城
24%
1 云和
24%
4 桐城
24%
3 修水
24%
2 新洲
24%
西 2 阳西
24%
2 平武
24%
3 东兴
24%
1 北川
24%
5 永善
24%
2 石林
24%
西 4 西固
24%
2 高昌
24%
3 襄都
23%
3 灵石
23%
西 2 林西
23%
1 清水河
23%
1 临河
23%
1 清水河
23%
2 溪湖
23%
3 台安
23%
3 富拉尔基
23%
5 庐江
23%
3 永修
23%
2 源汇
23%
4 南部
23%
6 彭州
23%
3 大关
23%
2 永昌
23%
2 秦都
23%
2 河津
22%
2 武乡
22%
1 五台
22%
3 振兴
22%
3 南陵
22%
3 怀宁
22%
1 长丰
22%
2 凤台
22%
1 德化
22%
3 遂川
22%
2 兴国
22%
1 市北
22%
3 金湾
22%
1 水城
22%
2 金川
22%
2 灵武
22%
1 南和
21%
2 宁城
21%
5 新民
21%
3 蛟河
21%
西 2 西安
21%
2 海林
21%
4 义安
21%
2 旌德
21%
1 临川
21%
2 宁阳
21%
1 龙口
21%
5 栾川
21%
3 桃源
21%
3 临湘
21%
1 三水
21%
4 宾阳
21%
1 吉阳
21%
1 九龙坡
21%
2 安宁
21%
3 水富
21%
5 临泽
21%
1 北屯
21%
2 台安
20%
3 南关
20%
1 梁溪
20%
2 金安
20%
5 宁化
20%
2 安源
20%
西 3 西乡塘
20%
1 石柱
20%
1 石林
20%
3 江孜
20%
2 海晏
20%
1 昌黎
19%
1 陵川
19%
2 沁水
19%
1 陵川
19%
2 石拐
19%
1 和龙
19%
3 徽州
19%
1 南陵
19%
1 金门
19%
1 武宁
19%
1 淄川
19%
2 武城
19%
2 大冶
19%
5 新邵
19%
3 云溪
19%
1 花都
19%
2 邻水
19%
2 兴义
19%
4 同德
19%
2 新荣
18%
1 中阳
18%
1 大石桥
18%
1 崇川
18%
1 莲都
18%
1 石城
18%
3 中原
18%
1 平江
18%
1 长寿
18%
2 都匀
18%
1 兴平
18%
1 中宁
18%
1 新源
18%
1 丛台
17%
1 承德
17%
1 丰镇
17%
3 浑南
17%
1 永吉
17%
1 肇州
17%
2 大通
17%
1 临泉
17%
3 吉州
17%
2 金水
17%
3 鄢陵
17%
2 长垣
17%
3 汉南
17%
2 浠水
17%
2 永兴
17%
2 天河
17%
3 罗湖
17%
2 大化
17%
1 梁平
17%
3 林周
17%
4 耀州
17%
3 高陵
17%
1 格尔木
17%
1 伊州
17%
2 伊宁
17%
1 安泽
16%
2 万柏林
16%
1 宁江
16%
1 前郭尔罗斯
16%
1 新兴
16%
1 龙子湖
16%
1 湖里
16%
2 平和
16%
1 石狮
16%
3 浔阳
16%
2 修武
16%
1 永城
16%
2 禹王台
16%
2 殷都
16%
2 汉川
16%
1 兴山
16%
2 冷水滩
16%
1 武江
16%
1 巫溪
16%
1 金平
16%
3 南郑
16%
2 长武
16%
1 兴海
16%
2 乐都
16%
2 博湖
16%
1 盐湖
14%
1 兴和
14%
1 化德
14%
1 德惠
14%
1 石台
14%
1 建阳
14%
1 大田
14%
西 1 莱西
14%
1 新泰
14%
1 金水
14%
2 黄石港
14%
1 云溪
14%
1 遂溪
14%
4 上林
14%
1 彭水
14%
1 武隆
14%
1 荣昌
14%
4 涪城
14%
2 盘州
14%
1 新平
14%
1 武定
14%
1 噶尔
14%
2 西和
14%
1 大通
14%
2 湟源
14%
西 2 西夏
14%
2 奇台
14%
1 清徐
13%
2 昆都仑
13%
2 昌图
13%
1 宽城
13%
1 江源
13%
1 磐石
13%
1 沂源
13%
1 庆云
13%
5 顺河
13%
1 湖滨
13%
1 云梦
13%
1 长阳
13%
3 龙胜
13%
3 灵川
13%
1 都安
13%
3 万源
13%
4 纳溪
13%
3 德格
13%
2 镇宁
13%
西 2 西秀
13%
2 汇川
13%
1 双湖
13%
西 1 西乡
13%
1 积石山
13%
1 大武口
13%
1 福海
13%
西 1 汾西
12%
1 凌源
12%
1 溪湖
12%
1 西丰
12%
1 瑶海
12%
1 大埔
12%
1 大新
12%
2 金城江
12%
1 花溪
12%
3 隆阳
12%
2 永德
12%
1 堆龙德庆
12%
1 堆龙德庆
12%
1 黄龙
12%
2 白水
12%
3 临翔
12%
1 肃北
12%
2 高台
12%
1 原州
12%
1 和安
12%
1 尧都
11%
1 固阳
11%
4 科尔沁左翼中
11%
1 洮北
11%
1 汪清
11%
1 桦川
11%
1 乐平
11%
1 安丘
11%
1 石龙
11%
2 宜都
11%
5 柳北
11%
1 三台
11%
2 金沙
11%
1 德江
11%
1 清镇
11%
1 安多
11%
2 宁强
11%
1 平川
11%
1 渭源
11%
2 民和
11%
1 海原
11%
1 兴庆
11%
1 金凤
11%
1 保德
10%
1 九台
10%
1 金林
10%
1 青云谱
10%
1 金乡
10%
2 洛宁
10%
2 宝丰
10%
1 乐昌
10%
2 武鸣
10%
1 临桂
10%
1 金口河
10%
2 石棉
10%
2 南明
10%
2 安龙
10%
1 南木林
10%
2 亚东
10%
3 七里河
10%
1 榆中
10%
1 彭阳
10%
1 平罗
10%
1 米东
10%
1 白云鄂博
9%
1 彰武
9%
3 向阳
9%
1 肇源
9%
1 丰泽
9%
1 北关
9%
1 清丰
9%
1 老河口
9%
2 通海
9%
1 昌宁
9%
1 大荔
9%
3 印台
9%
1 肃南
9%
1 泾源
9%
1 民丰
9%
1 伊金霍洛
8%
1 平房
8%
1 明水
8%
1 昂昂溪
8%
1 丰林
8%
1 四方台
8%
1 宝清
8%
1 新罗
8%
1 资源
8%
2 开阳
8%
4 正安
8%
4 平坝
8%
2 沿河
8%
1 观山湖
8%
1 龙陵
8%
1 白河
8%
3 延川
8%
1 清涧
8%
1 达尔罕茂明安
7%
1 顺昌
7%
1 云霄
7%
1 大余
7%
1 泰和
7%
1 临颍
7%
1 竹溪
7%
1 岑溪
7%
1 德保
7%
1 凌云
7%
1 嘉陵
7%
1 丘北
7%
1 金台
7%
1 绥德
7%
1 碑林
7%
1 隆德
7%
1 繁昌
6%
1 罗源
6%
1 博兴
6%
1 中方
6%
1 叙永
6%
1 大方
6%
1 长顺
6%
3 富源
6%
1 水磨沟
6%
1 靖州
4%
1 双清
4%
1 融水
4%
1 永福
4%
1 仁和
4%
1 曲水
4%
1 永寿
4%
1 石泉
4%
1 卫东
3%
1 咸丰
3%
1 大祥
3%
1 长洲
3%
1 石阡
3%
3 南华
3%
1 东乡族
3%
1 贞丰
2%
1 莲湖
2%
1 禄丰
1%
No matching quizzes found
Score Distribution
Percent of People with Each Score
Percentile by Number Answered
Your Score History
You have not taken this quiz